000 00761nam a2200229 a 4500
001 12892
003 BD-JhCC
005 20230601092755.0
008 230601s2023 b |||| |||| 000 0 ben d
020 _a9789849728597
035 _a(BD-JhCC)12892
040 _aBD-JhCC
_dBD-JhCC
041 _aben
082 _a741.5
_bFUA 2023
100 _aফুরাদ, নাফিজ
245 _aসায়েন্স অফ সুপারহিরোজ /
_cনাফিজ ফুরাদ
260 _aঢাকা :
_bশব্দশৈলী,
_c২০২৩
300 _a১১৭ পৃ. :
_bচিত্রাবলী সংযোজিত,
_c২০ সেমি.
650 _aScience in popular culture
650 _aSuperheroes
942 _2ddc
_cBK
999 _c12892
_d12892